000 00726cab a2200229 4500
001 ABS53679
008 090401t1995 xxu||||| |||| 00| 0 eng d
035 _a(Sirsi) u5850
041 _aeng
100 _aChappell, D.
245 _aLegal report
260 _c1995
350 _a0
490 _aArchitects` Journal
_v202(13) 5 October 1995, 48(1)
520 _aDiscusses the case "How Engineering Services v Lindner Ceiling Partitions" which concerned a contractor`s claim for loss and expense resulting from disruption.
650 _aCANNON STREET STATION
650 _aCONTRACTUAL CLAIMS
650 _aLOSS AND EXPENSE
690 _aBUILT ENVIRONMENT-BUILDING CONTRACT FORMS
942 _n0
948 _c04/03/1997
999 _c3496
_d3496